"A STUDY TO ASSESS THE EFFECT OF HEALTH TEACHING ON OPERATIVE ANXIETY AMONG LSCS MOTHERS AT SELECTED HOSPITALS OF PIMPRI CHINCHAWAD , PUNE" (Record no. 531025)

MARC details
000 -LEADER
fixed length control field 00462pam a2200157a 44500
008 - FIXED-LENGTH DATA ELEMENTS--GENERAL INFORMATION
fixed length control field 230515b2012 xxu||||| |||| 00| 0 eng d
020 ## - INTERNATIONAL STANDARD BOOK NUMBER
International Standard Book Number NULL
041 ## - LANGUAGE CODE
Language code of text/sound track or separate title ENGLISH
082 ## - DEWEY DECIMAL CLASSIFICATION NUMBER
Classification number ND
100 ## - MAIN ENTRY--PERSONAL NAME
Personal name MS ANISHA VEERAMANI
245 ## - TITLE STATEMENT
Title "A STUDY TO ASSESS THE EFFECT OF HEALTH TEACHING ON OPERATIVE ANXIETY AMONG LSCS MOTHERS AT SELECTED HOSPITALS OF PIMPRI CHINCHAWAD , PUNE"
250 ## - EDITION STATEMENT
Edition statement 0
260 ## - PUBLICATION, DISTRIBUTION, ETC.
Place of publication, distribution, etc.
Name of publisher, distributor, etc. DR D Y PATIL
Date of publication, distribution, etc. 2012
300 ## - PHYSICAL DESCRIPTION
Extent 120
650 ## - SUBJECT ADDED ENTRY--TOPICAL TERM
Topical term or geographic name entry element NULL
Holdings
Withdrawn status Lost status Damaged status Not for loan Home library Current library Shelving location Date acquired Source of acquisition Cost, normal purchase price Total Checkouts Full call number Barcode Date last seen Price effective from Koha item type
        College of Nursing, Pune College of Nursing, Pune   04/02/2013 DPU 1.00   ND NCP-R-200 28/06/2023 28/06/2023 Book